M.I.L.S 3 - Ninho - Statistiques

Statistiques générales
  • Ce quiz a été pris 35 fois
  • Le résultat moyen est 9 sur 17
Statistiques - réponses
Réponse % Correct
M.I.L.S 3
89%
Intro
86%
Zipette
75%
Filon
68%
Centre commercial
61%
Lettre à une femme
57%
Promo
54%
En chien
50%
Gros vendeurs
50%
La Puerta
50%
Millésimes
46%
Tu sais qu'on est gang
43%
Bali
39%
C'était le rap
39%
Every day
39%
Le jeu
32%
Mauvais Djo
21%
Aucun quiz correspondant
Distribution des résultats
% des personnes avec chaque résultat
Percentile par nombre de réponses
Votre historique - résultats
Vous n’avez pas pris ce quiz